Hatch Act : Proposed Amendments.

Discusses the background of the Hatch Act which imposes restrictions on partisan political activity of government workers, the Supreme Court decision on the constitutionality of the Act, and amendments enacted or proposed through 1977.

Bibliographic Details
Corporate Authors: Library of Congress. Congressional Research Service, ProQuest (Firm)
Format: eBook
Language:English
Published: [Place of publication not identified] : [publisher not identified], 1978.
Series:U.S. Congressional Research.
Subjects:
Online Access:Connect to the full text of this electronic book

MARC

Tag First Indicator Second Indicator Subfields
LEADER 00000cam a22000001a 4500
001 in00003356621
006 m d f
007 cr bn mmmapmmp
008 100609s1978 dcu o f000 0 eng d
005 20260430152011.1
035 |a cis2007876452 
040 |a ProQuest  |c ProQuest  |d UtOrBLW 
043 |a n-us--- 
099 |a CRS-1978-GOV-0011 
110 2 |a Library of Congress.  |b Congressional Research Service. 
245 1 0 |a Hatch Act :  |b Proposed Amendments. 
264 1 |a [Place of publication not identified] :  |b [publisher not identified],  |c 1978. 
300 |a 1 online resource. 
336 |a text  |b txt  |2 rdacontent 
337 |a computer  |b c  |2 rdamedia 
338 |a online resource  |b cr  |2 rdacarrier 
500 |a Record is based on bibliographic data in ProQuest U.S. Congressional Research Digital Collection (last viewed June 2010). Reuse except for individual research requires license from ProQuest, LLC. 
500 |a CRS Report. 
520 |a Discusses the background of the Hatch Act which imposes restrictions on partisan political activity of government workers, the Supreme Court decision on the constitutionality of the Act, and amendments enacted or proposed through 1977. 
500 |a Electronic resource. 
650 0 |a Constitutional law. 
650 0 |a Elections. 
650 0 |a Political ethics. 
655 7 |a Electronic books.  |2 local 
710 2 |a ProQuest (Firm) 
776 0 8 |i Microfiche version:   |a Library of Congress. Congressional Research Service.  |t Hatch Act: Proposed Amendments 
830 0 |a U.S. Congressional Research. 
856 4 0 |u http://proxy.library.tamu.edu/login?url=https://congressional.proquest.com/congcomp/getdoc?CRDC-ID=CRS-1978-GOV-0011  |z Connect to the full text of this electronic book  |t 0 
999 |a MARS 
999 f f |s 294fb40a-7186-383e-b3f1-1e3caf7b5e85  |i 50ecc611-9935-3a4e-9c02-53dc351c0628  |t 0 
952 f f |a Texas A&M University  |b College Station  |c Electronic Resources  |s www_evans  |d Available Online  |t 0  |e CRS-1978-GOV-0011  |h Other scheme 
998 f f |a CRS-1978-GOV-0011  |t 0  |l Available Online